000 00886nam a2200181 i 4500
001 153682
003 ES-MaACL
005 20240515063119.0
008 950922s1837 sp |||| | spa d
040 _aCAM
_bspa
_cCAM
100 1 _aEscosura, Patricio de la,
_d1807-1878
_947617
245 1 3 _aLa corte del Buen Retiro
_b: drama histórico en cinco actos /
_cescrito en verso por Patricio de la Escosura.
260 _aMadrid :
_b[s.n.],
_c1837 (
_fImprenta de los hijos de Catalina Piñuela)
300 _a112 p. ;
_c18 cm.
852 _aES-MaACL
_jD-1760(10)
_z-- Enc. hol.
_z-- Legado de Modesto de la Fuente
_q-- Falto de la port. y de la cub. original
852 _aES-MaACL
_jF-8625(8)
_z.- Enc. pasta española
_q.- Falto de la cub. original
_z.- Enc. en un vol. facticio formando parte de la col. facticia "Teatro español moderno", vol. 80
999 _c153682
_d153682